| 000 | 00000nam 2200000zi 4500 |
| 001 | 9.919598 |
| 003 | CaOODSP |
| 005 | 20250218134438 |
| 006 | m o d f |
| 007 | cr cn||||||||| |
| 008 | 230130t20232023oncd os f000 0 eng d |
| 020 | |a9780660473390 |
| 040 | |aCaOODSP|beng|erda|cCaOODSP |
| 043 | |an-cn--- |
| 086 | 1 |aCS11-621/141E-PDF |
| 100 | 1 |aZanzana, Salim, |eauthor. |
| 245 | 10|aRetail e-commerce and COVID-19 : |bhow online sales evolved as in-person shopping resumed / |cby Salim Zanzana and Jessica Martin. |
| 264 | 1|a[Ottawa] : |bStatistics Canada = Statistique Canada, |c2023. |
| 264 | 4|c©2023 |
| 300 | |a1 online resource (8 pages) : |bgraphs. |
| 336 | |atext|btxt|2rdacontent |
| 337 | |acomputer|bc|2rdamedia |
| 338 | |aonline resource|bcr|2rdacarrier |
| 490 | 1 |aAnalysis in brief, |x1707-0503 |
| 500 | |aCover title. |
| 500 | |a"Release date: February 21, 2023." |
| 500 | |aIssued also in French under title: Le commerce de détail électronique et la COVID-19 : comment les ventes en ligne ont évolué à mesure que le magasinage en personne a repris. |
| 520 | |a"In 2022, all remaining COVID-19 public health restrictions on Canadian retailers were gradually lifted allowing consumers to resume unrestricted in-person shopping. Despite the reopening of the Canadian economy, e-commerce remains an important platform for business operations. From February 2020 to July 2022, retail e-commerce sales increased 67.9%, and the share of e-commerce sales as a proportion of total retail sales increased markedly from 2019 to 2022 (July year to date). The persistence of retail e-commerce sales above pre-pandemic levels suggests that the switch to e-commerce during COVID-19 lockdown periods may have prompted a long-term change in consumer spending habits and retailer operating models"--Page 4. |
| 650 | 0|aElectronic commerce|zCanada|vStatistics. |
| 650 | 0|aCOVID-19 (Disease)|xEconomic aspects|zCanada. |
| 650 | 0|aCOVID-19 Pandemic, 2020-2023|xEconomic aspects|zCanada. |
| 655 | 7|aStatistics|2lcgft |
| 710 | 2 |aStatistics Canada, |eissuing body. |
| 775 | 08|tLe commerce de détail électronique et la COVID-19 : |w(CaOODSP)9.919599 |
| 830 | #0|aAnalysis in brief (Statistics Canada)|x1707-0503|w(CaOODSP)9.504715 |
| 856 | 40|qPDF|s293 KB|uhttps://publications.gc.ca/collections/collection_2023/statcan/11-621-m/11-621-m2023002-eng.pdf |
| 856 | 4 |qHTML|sN/A|uhttps://www150.statcan.gc.ca/n1/pub/11-621-m/11-621-m2023002-eng.htm |
| 986 | |a11-621-M |